000 00737nam a2200253 i 4500
001 bg
245 1 0 _aAdvanced expert CAE :
_bstudent's resource book : with key /
_cJane Barnes et al.
250 _a2nd impr.
260 _aHarlow :
_bLongman :
_bPearson Education,
_c2006.
300 _a173 s. :
_bil. ;
_c30 cm +
_eCD ROM.
650 9 _aJęzyk angielski
655 _aPodręczniki
700 1 _aBARNES, Jane
020 _a058282401X
020 _a9780582824010
040 _cBPK
041 0 _aeng
080 _a811.111(07)
920 _a0-582-82401-X
920 _a978-0-582-82401-0
942 _cKS
008 s pl f |000 0 pol
999 _c52472
_d52472